Kalenie zliatin Fe s využitím ohrevu pomocou lasera : Bakalárska práca

Salvato in:
Dettagli Bibliografici
Autore principale: Marečková, Jana (Autore)
Altri autori: Šimkovič, Milan (xxx)
Natura: Manoscritto Libro
Lingua:slovacco
Pubblicazione: Trnava : STU v Bratislave MtF KMI, 2004
Soggetti:
Tags: Aggiungi Tag
Nessun Tag, puoi essere il primo ad aggiungerne!!

MARC

LEADER 00000ntm a22000003a 4500
001 stu89872
005 20160719154711.3
008 040906s2004----xo------------------slo-d
040 |a STU  |b slo 
041 0 |a slo 
044 |a xo 
100 1 |a Marečková, Jana  |4 aut 
245 1 |a Kalenie zliatin Fe s využitím ohrevu pomocou lasera :  |b Bakalárska práca 
260 |a Trnava :  |b STU v Bratislave MtF KMI,  |c 2004 
300 |a 46 s 
650 7 |a technológie strojárskej výroby  |2 stusub 
650 7 |a tepelné spracovanie  |2 stusub 
700 1 |a Šimkovič, Milan  |4 xxx  |u M130  |U MTF Materiálovotechnologická fakulta  |T MTF Katedra materiálového inžinierstva  |U M130  |Y 481 
996 |b 284M060232  |c M*BP-584  |l MMSKP  |s P  |a 0  |w stu89872_0001